000
00215 a2200097 4500
001
6804
100
_a
Plossl, G W
245
_a
Production and Inventory Control
260
_a
_b
Prentic Hall
_c
090
_c
5622
_d
5622
942
_a
NUST-CAE
_c
m
_c
32070
999
_c
241877
_d
241877